Calciatori francesi nel FIFA FIFPro World XI - Statistics

Statistiche generali
  • Questo quiz è stato fatto 10 volte
  • Il punteggio medio è 9 su 11
Statistiche sulle risposte
Numero apparizioni Edizioni apparizioni Squadra Calciatore % Corretto
3 2018; 2019; 2022 Paris Saint-Germain Kylian Mbappé
100%
1 2015 Juventus Paul Pogba
100%
2 2005; 2006 Real Madrid Zinedine Zidane
100%
1 2022 Real Madrid Karim Benzema
89%
2 2018; 2021 Chelsea N'Golo Kanté
89%
1 2006 Arsenal Thierry Henry
89%
1 2013 Bayern Monaco Franck Ribéry
78%
1 2018 Real Madrid Raphaël Varane
78%
1 2005 Chelsea Claude Makélélé
67%
1 2006 Juventus / Barcellona Lilian Thuram
67%
1 2009 Manchester United Patrice Evra
67%
Nessun quiz corrispondente trovato
Distribuzione punteggi
Percentuale di utenti per punteggio
Percentile per numero di risposta
I tuoi punteggi nel tempo
Non hai fatto questo quiz